01414naa a22003257a 4500001001000000003000900010005001700019007000300036008003400039040005400073041000900127072001500136090001800151100001900169100001600188100001400204111009800218245008600316260003700402500019300439650000900632650001000641650001500651650001200666773019000678909003600868942001400904999001900918952015100937BR8104944BR-BrBNA20240918174811.0ta230509b bl.||||| |||| 00| 0 por d aBR-BrBNAbporcBiblioteca Nacional de Agricultura a(Pt) aF10b/G514 aF10 BR81049441 aBarros, L.C.G.1 aPorto, E.R.1 aSouza, O.1 a4. Simposio Brasileiro de Hidrologia e Recursos HidricoscFortaleza, CE (Brazil)d15 Nov 19811 aEfeitos da cobertura de acudes na evaporacao da agua armazenada [Alagoas, Brasil]3 aSao Paulo, SP (Brasil): c1981.  aAnais do 4. Simposio Brasileiro de Hidrologia e Recursos Hidricos. v. 3: recursos hidricos no desenvolvimento economico e social Sao Paulo, SP (Brasil): 1981. p. 344-351 (BR8104944-AM)F10  aAGUA aACUDE aEVAPORACAO aALAGOAS0 tAnais do 4. Simposio Brasileiro de Hidrologia e Recursos Hidricos. v. 3: recursos hidricos no desenvolvimento economico e socialwF10 BR8104944gSao Paulo, SP (Brasil), 1981. p. 344-351 a202404bLuciac55dLucia Elande cAM2AGRIS c313677d313677 002AGRIS40708Acervo Gerala41918b41918cAgrobasel0oE14 BR2016002005r2024-05-20t01yAM10d2024-04-11ePortaria Interministerial nÂș 164/94